000
00262nam a2200097Ia 4500
001
1300558
005
20260420095906.0
008
260420s9999 xx 000 0 und d
245
0
_a
ÜÇ BOĞAZ BARAJININ İNŞASI
_c
PATRİCİA KİTE
260
_b
TÜBİTAK YAYINLARI
999
_c
1300558
_d
1300558